|
|
|
|
| LEADER |
02338nam a2200529 i 4500 |
| 001 |
EBC1578333 |
| 003 |
MiAaPQ |
| 005 |
20200520144314.0 |
| 006 |
m o d | |
| 007 |
cr cnu|||||||| |
| 008 |
131121t20142014dcuad ob 001 0 eng|d |
| 020 |
|
|
|z 9781464800085 (alk. paper)
|
| 020 |
|
|
|a 9781464800092
|q (electronic bk.)
|
| 035 |
|
|
|a (MiAaPQ)EBC1578333
|
| 035 |
|
|
|a (Au-PeEL)EBL1578333
|
| 035 |
|
|
|a (CaPaEBR)ebr10816205
|
| 035 |
|
|
|a (CaONFJC)MIL550640
|
| 035 |
|
|
|a (OCoLC)884543253
|
| 040 |
|
|
|a MiAaPQ
|b eng
|e rda
|e pn
|c MiAaPQ
|d MiAaPQ
|
| 043 |
|
|
|a cl-----
|
| 050 |
|
4 |
|a HC125
|b .E576 2013
|
| 082 |
0 |
|
|a 338/.04098
|2 23
|
| 245 |
0 |
0 |
|a Entrepreneurship in Latin America :
|b a step up the social ladder? /
|c edited by Eduardo Lora and Francesca Castellani, editors.
|
| 264 |
|
1 |
|a Washington, District of Columbia :
|b The World Bank,
|c [2014]
|
| 264 |
|
4 |
|c 2014
|
| 300 |
|
|
|a 1 online resource (210 pages) :
|b illustrations.
|
| 336 |
|
|
|a text
|2 rdacontent
|
| 337 |
|
|
|a computer
|2 rdamedia
|
| 338 |
|
|
|a online resource
|2 rdacarrier
|
| 490 |
1 |
|
|a Latin American development forum series
|
| 500 |
|
|
|a "A copublication of the Inter-American Development Bank and the World Bank."
|
| 504 |
|
|
|a Includes bibliographical references and index.
|
| 505 |
0 |
|
|a part I. Overview -- part II. International comparisons and country studies.
|
| 588 |
|
|
|a Description based on print version record.
|
| 590 |
|
|
|a Electronic reproduction. Ann Arbor, MI : ProQuest, 2015. Available via World Wide Web. Access may be limited to ProQuest affiliated libraries.
|
| 650 |
|
0 |
|a Economic development
|z Latin America.
|
| 650 |
|
0 |
|a Entrepreneurship
|x Social aspects
|z Latin America.
|
| 650 |
|
0 |
|a Social mobility
|z Latin America.
|
| 655 |
|
4 |
|a Electronic books.
|
| 700 |
1 |
|
|a Lora, Eduardo.
|
| 700 |
1 |
|
|a Castellani, Francesca.
|
| 710 |
2 |
|
|a World Bank.
|
| 710 |
2 |
|
|a Inter-American Development Bank.
|
| 776 |
0 |
8 |
|i Print version:
|t Entrepreneurship in Latin America : a step up the social ladder?.
|d Washington, District of Columbia : The World Bank, [2014]
|h xx, 186 pages
|k Latin American development forum series
|z 9781464800085
|w (DLC) 2013044615
|
| 797 |
2 |
|
|a ProQuest (Firm)
|
| 830 |
|
0 |
|a Latin American development forum.
|
| 856 |
4 |
0 |
|u https://ebookcentral.proquest.com/lib/matrademy/detail.action?docID=1578333
|z Click to View
|